000 01066cam a2200253 4500
001 WB3718-07
008 000000n2001 000 0 eng u
035 _a(Sirsi) u112503
245 _aPace of growth slowed down
260 _c2001
490 _aIrish Times - Commercial Property
_v 9 May 2001, 2(1)
520 _aThe Irish Property Index, compiled by Jones Lang LaSalle reveals that the pace of growth in the commercial property market has slowed in the first three months of 2001. Jones Lang calculates returns in the first quarter at 3% which is 2.7% lower than for the same period in 2000. Outlines returns for the office, retail and industrial markets. Graph.
590 _aWB
650 _aSTATISTICS
650 _aINDUSTRIAL MARKET
650 _aPROPERTY-COMMERCIAL PROPERTY-RETAIL PROPERTY-RETAIL PROPERTY MARKET
650 _aCAPITAL VALUES
650 _aSLOWDOWN
650 _aJONES LANG LASALLE
650 _aIRELAND
650 _aPROPERTY RETURNS
690 _aPROPERTY-COMMERCIAL PROPERTY-COMMERCIAL PROPERTY MARKET
942 _n0
999 _c66963
_d66963